000 00329nam a22001457a 4500
003 OSt
005 20160727222417.0
008 160625b xxu||||| |||| 00| 0 eng d
040 _cTEST
100 _91174
_aGaur, V.K., et al
245 _aCHE,CLASS-VII
260 _aDELHI
_bNCERT
_c1989
300 _aCHE,CLASS-VII
942 _2ddc
_cBK
999 _c956
_d956